| 000 | 00603nam a22001817a 4500 | ||
|---|---|---|---|
| 005 | 20130701125058.0 | ||
| 010 | _aB-508954-955 | ||
| 020 |
_a9788131784792 _c225.00 |
||
| 035 | _aB-508954-955 | ||
| 037 |
_adpl _bKBD/Ven |
||
| 082 | _a004 | ||
| 245 | _aComputer Knowledge for the CWE-Clerical Cadre/ | ||
| 260 |
_aNew Delhi _bPearson _c2012 |
||
| 270 |
_a11 Commu8nity Centre, Panchsheel Park _bNew Delhi _e110017 |
||
| 300 |
_aVarious pages _c23cm(pbk) |
||
| 942 |
_2ddc _cEN _h004 _mCOM |
||
| 999 |
_c77081 _d77081 |
||